000 00535nam a22001937a 4500
005 20260427120114.0
008 260427b |||||||| |||| 00| 0 eng d
037 _cDSWL
040 _aDSWL
_cDSWL
041 _heng
084 _aY15(Q7):144.2 Q7
100 _aNaqvi, Farah
_91235754
245 _aWorking with muslims
260 _aGurgaon,
_bThree Essays,
_c2017
300 _a416p
365 _aINR
_b450
942 _2CC
_cTEXL
_hY15(Q7):144.2 Q7
_n0
999 _c1848567
_d1848567